[Event "ROM-ch (Women)"]
[Site "Eforie Nord"]
[Date "2022.02.21"]
[Round "2"]
[White "Czika, Stefania"]
[Black "Lehaci, Miruna Daria"]
[Result "0-1"]
[WhiteElo "1259"]
[BlackElo "2125"]
[PlyCount "40"]
[EventDate "2022.02.20"]
[EventType "swiss"]
[EventRounds "9"]
[EventCountry "ROU"]
[SourceTitle "CBM 207 Extra"]
[Source "ChessBase"]
[SourceDate "2022.05.31"]
[SourceVersion "1"]
[SourceVersionDate "2022.05.31"]
[SourceQuality "1"]

1. d4 e6 2. c4 Nf6 3. Nc3 Bb4 4. Nf3 c5 5. e3 0-0 6. Bd3 b6 7. 0-0 Bb7 8. Bd2 cxd4 9. exd4 Be7 10. Qe2 Na6 11. Ne4 Nc7 12. Bg5 Nce8 13. Ne5 d6 14. Ng4 Nxg4 15. Bxe7 Qxe7 16. h3 Ngf6 17. Rac1 Nxe4 18. Bxe4 Bxe4 19. Qxe4 Nf6 20. Rfe1 Nxe4 0-1